000 nam a22 7a 4500
999 _c53460
_d53460
005 20200624183751.0
008 200624b xxu||||| |||| 00| 0 eng d
040 _aANE
041 _aEs
100 _aDe Blas Ortega, Jesús
245 _aLA FORMA DE MECANISMO ECONÓMICO ESTALINISTA EN LA ANTIGUA URSS Y SU IMPOSICIÓN EN LA EUROPA DEL ESTE. EL CASO HUNGRÍA
300 _a404 p.
856 _uhttp://documentacion.asambleanacional.gob.ec/alfresco/d/d/workspace/SpacesStore/16315444-550f-4a35-a7b8-59e45c59626a/LA%20FORMA%20DE%20MCANISMO%20ECON%c3%93MICO%20ESTALINISTA%20EN%20LA%20ANTIGUA%20URSS%20Y%20SU%20IMPOSICI%c3%93N%20EN%20LA%20EUROPA%20DEL%20ESTE.%20EL%20CASO%20HUNGR%c3%8dA.pdf
942 _2ddc
_cBV
_zmbc